|
|
|
|
| LEADER |
00000nam0a2200000 4500 |
| 001 |
328303 |
| 005 |
20231102004040.0 |
| 010 |
|
|
|a 593629143X
|
| 035 |
|
|
|a (RuTPU)RU\TPU\book\354003
|
| 090 |
|
|
|a 328303
|
| 100 |
|
|
|a 20170215d2003 m y0rusy50 ca
|
| 101 |
0 |
|
|a rus
|
| 102 |
|
|
|a RU
|
| 105 |
|
|
|a a j 001zy
|
| 200 |
1 |
|
|a Общая электротехника и электроника
|e учебное пособие
|f А. П. Зайцев
|g Томский государственный университет систем управления и радиоэлектроники (ТУСУР)
|
| 210 |
|
|
|a Томск
|c STT
|d 2003
|
| 215 |
|
|
|a 340 с.
|c ил.
|
| 316 |
|
|
|5 63413507: КР-2344
|a На форзаце дарственная надпись: "Уважаемому Ивану Петровичу в знак особой признательности от автора. 15.10.2004 г."
|
| 317 |
|
|
|5 63413507: КР-2344
|a Поступила в НТБ в 2017 г. в составе книжного собрания ректора ТПИ И. П. Чучалина
|
| 320 |
|
|
|a Библиогр.: с. 340
|
| 330 |
|
|
|a В учебном пособии рассмотрены электрические цепи постоянного тока и методы их расчета, магнитные цепи с постоянной намагничивающей силой, электрические цепи гармонического тока и особенности их расчета, переходные процессы в линейных электрических цепях, магнитные цепи с переменной намагничивающей силой, электрические машины постоянного и переменного тока, физические процессы в полупроводниковых приборах, свойства полупроводниковых приборов, основы импульсной и цифровой электроники. Для студентов неэлектротехнических специальностей высших учебных заведений.
|
| 606 |
1 |
|
|a Электротехника общая
|2 stltpush
|3 (RuTPU)RU\TPU\subj\20906
|9 45967
|
| 610 |
1 |
|
|a электрические цепи постоянного тока
|
| 610 |
1 |
|
|a магнитные цепи
|
| 610 |
1 |
|
|a электрические цепи гармонического тока
|
| 610 |
1 |
|
|a линейные цепи
|
| 610 |
1 |
|
|a переходные процессы
|
| 610 |
1 |
|
|a электрические машины
|
| 610 |
1 |
|
|a полупроводниковые приборы
|
| 610 |
1 |
|
|a импульсная электроника
|
| 610 |
1 |
|
|a цифровая электроника
|
| 610 |
1 |
|
|a учебные пособия
|
| 610 |
1 |
|
|a коллекция И. П. Чучалина
|
| 610 |
1 |
|
|a дары библиотеке
|
| 610 |
1 |
|
|a дарственные надписи
|
| 675 |
|
|
|a 621.3(075.8)
|v 4
|
| 700 |
|
1 |
|a Зайцев
|b А. П.
|c специалист в области автоматического управления
|c доцент Томского политехнического университета
|f 1937-
|g Александр Петрович
|2 stltpush
|3 (RuTPU)RU\TPU\pers\29358
|
| 712 |
0 |
2 |
|a Томский государственный университет систем управления и радиоэлектроники (ТУСУР)
|c (1997 - )
|2 stltpush
|3 (RuTPU)RU\TPU\col\422
|
| 801 |
|
1 |
|a RU
|b 63413507
|c 20170215
|
| 801 |
|
2 |
|a RU
|b 63413507
|c 20220301
|g RCR
|
| 942 |
|
|
|c BK
|